Thiết kế đường ô tô : Đường ngoài đô thị và đường đô thị
Đặc điểm đường đô thị và tiêu chuẩn các kiểu thiết kế đường đô thị như: Thiết kế đường đô thị theo AASHTO, thiết kế đường trong khu công trình, thiết kế cải tạo đường đô thị, mạng lưới thoát nước, nút giao thông khác mức trên đươ...
Gardado en:
| Autor Principal: | |
|---|---|
| Formato: | Libro |
| Idioma: | Undetermined |
| Publicado: |
Hà Nội
Xây dựng
2000
|
| Những chủ đề: | |
| Các nhãn: |
Engadir etiqueta
Sen Etiquetas, Sexa o primeiro en etiquetar este rexistro!
|
| Thư viện lưu trữ: | Trung tâm Học liệu Trường Đại học Cần Thơ |
|---|
| LEADER | 01174nam a2200217Ia 4500 | ||
|---|---|---|---|
| 001 | CTU_39412 | ||
| 008 | 210402s9999 xx 000 0 und d | ||
| 020 | |c 33000 | ||
| 082 | |a 625.7 | ||
| 082 | |b H401/T.2 | ||
| 100 | |a Doãn, Hoa | ||
| 245 | 0 | |a Thiết kế đường ô tô : | |
| 245 | 0 | |b Đường ngoài đô thị và đường đô thị | |
| 245 | 0 | |c Doãn Hoa | |
| 260 | |a Hà Nội | ||
| 260 | |b Xây dựng | ||
| 260 | |c 2000 | ||
| 520 | |a Đặc điểm đường đô thị và tiêu chuẩn các kiểu thiết kế đường đô thị như: Thiết kế đường đô thị theo AASHTO, thiết kế đường trong khu công trình, thiết kế cải tạo đường đô thị, mạng lưới thoát nước, nút giao thông khác mức trên đường đô thị; Sơ lược phương pháp thiết kế cầu cong, vấn đề qui hoạch, cảnh quan kiến trúc, bảo vệ môi trường đô thị | ||
| 650 | |a Roads | ||
| 904 | |i Nguyễn Quang Điền | ||
| 980 | |a Trung tâm Học liệu Trường Đại học Cần Thơ | ||